Una venta de oportundiad: la pandemia y la protección social en Centroamérica/
Gespeichert in:
| Format: | Buch |
|---|---|
| Sprache: | Spanish |
| Veröffentlicht: |
San José, Costa Rica
Ediciones IIS
2023
|
| Tags: |
Tag hinzufügen
Keine Tags, Fügen Sie den ersten Tag hinzu!
|
MARC
| LEADER | 00000nam a22000007a 4500 | ||
|---|---|---|---|
| 003 | cru CIDCACS/IIS | ||
| 005 | 20231024104757.0 | ||
| 007 | 978-9968-861-13-7 | ||
| 008 | 231024b2023 cr ||||| |||| 00| 0 spa d | ||
| 020 | |a 978-9968-861-13-7 | ||
| 040 | |c cru CIDCACS/IIS | ||
| 090 | |a 02.05.03 M864v | ||
| 245 | 1 | |a Una venta de oportundiad: |b la pandemia y la protección social en Centroamérica/ |c Juliana Martínez Franzoni | |
| 260 | |a San José, Costa Rica |b Ediciones IIS |c 2023 | ||
| 650 | 0 | 7 | |0 TESAUROS |2 TESAUROS |
| 942 | |2 z |c LI |h <script>document.querySelector('[id^="tag_090_subfield_a"]').value</script> 02.05.03 M864v |i 24005 |i 24006 |6 SCRIPTDOCUMENTQUERYSELECTORIDTAG_090_SUBFIELD_AVALUESCRIPT_020503_M864V_24005__24006 | ||
| 999 | |c 45312 |d 45312 | ||



